Automotive Handbook BOSCH Invented for life
Salvato in:
| Natura: | Libro |
|---|---|
| Lingua: | inglese |
| Pubblicazione: |
West Sussex
John Wiley
2014
|
| Edizione: | 9th Editon |
| Soggetti: | |
| Tags: |
Nessun Tag, puoi essere il primo ad aggiungerne!!
|
MARC
| LEADER | 00000nam a22000003a 4500 | ||
|---|---|---|---|
| 001 | 0022186 | ||
| 003 | SK-STU | ||
| 005 | 20170216111540.5 | ||
| 007 | ta | ||
| 008 | 170216s ----xo-----e------000-0-----d | ||
| 020 | |a 978-1-119-03294-6 | ||
| 040 | |a STU |b slo | ||
| 041 | 0 | |a eng |h eng | |
| 245 | 1 | 0 | |a Automotive Handbook |b BOSCH Invented for life |
| 250 | |a 9th Editon | ||
| 260 | |a West Sussex |b John Wiley |c 2014 | ||
| 300 | |a 1544 s. | ||
| 650 | 0 | 7 | |a automobilová elektronika |
| 996 | |b 284J044959 |c J* 118148 |l JJSK |s A |a 24 |w 0022186_0001 | ||